000 00467nam a2200193Ia 4500
008 210210b1942 xxu||||| |||| 00| 0 eng d
041 _aeng
082 _a536/114
100 _aRICHTMYER (F K)
245 _aIntroduction to modern physics
260 _aLondon
_bMcGraw Hill Book Company
_c1942
300 _a723
650 _aphysics
650 _amodern
650 _aIntroduction
690 _aModern Physics
700 _aKENNARD (A H)
906 _a008912
999 _c126711
_d126711